00473nam a2200169Ia 4500008004100000040001400041082002200055100001900077245003400096260003600130300001300166365002800179366000800207505002000215630003400235730003400269100315s9999 xx 000 0 und d cENGLISH  b5413 a336.294  a"Datey, V.S. " aIndirect Taxes Law & Practice aNew Delhi bTaxmann  c2005  a896p.   eRupees d1 b310.00  f0  gTushar Jadhav  aIndirect Taxes Law & Practice aIndirect Taxes Law & Practice